00881nam a2200241Ia 4500001000700000003000500007008004100012010001100053040000900064082001800073245013700091260013000228300001600358503006100374504002700435650002600462650002700488650002500515650003100540650002700571650002400598650001700622Z_1216CHAP220113s9999 xx 000 0 und d a164304 cCHAP a636.08557 A53 aAnabólicos y aditivos en la producción pecuaria /ceditores Ernesto Avila González, Armando S. Shimada y Gerardo Llamas Lamas aMéxico :bConsultores en Producción Animal :,bSistema de Educación Continua en Producción Animal en México,c  axix, 253 p. aej.1: C/E \ ej.2: C/E \ ej.3: C/E \ej.4: C/E \ ej.5: C/E aIncluye bibliografía aAditivos alimentarios aAditivos para ensilaje aAgentes aglutinantes aAlimentación de animales aFermentación ruminal aNutrición animal  aSaborizantes